Capitali africane (con una mappa) - Statistics

Statistiche generali
  • Questo quiz è stato fatto 117 volte
  • Il punteggio medio è 168 su 196
Risposte nella Mappa
Le risposte nella mappa del quiz sottostante sono codificate secondo una scala di colori dal rosso al verde in base alla % di persone che hanno risposto correttamente.
 
Statistiche sulle risposte
capitale % Corretto
x
100%
Il Cairo
80%
Algeri
76%
Tunisi
76%
Rabat
74%
Pretoria
73%
Tripoli
69%
Nairobi
61%
Dakar
59%
Addis Abeba
57%
Kinshasa
57%
Gibuti
55%
Antananarivo
54%
Freetown
54%
Mogadiscio
54%
Libreville
53%
Accra
51%
Asmara
50%
Bissau
50%
Brazzaville
50%
Luanda
50%
Sao Tome
50%
Khartum
49%
Yaoundé
49%
Abuja
47%
Maputo
47%
Ouagadougou
46%
Bamako
45%
Monrovia
45%
Harare
43%
Kampala
43%
N'Djamena
43%
Victoria
43%
Dodoma
42%
Giuba
42%
Gaborone
41%
Praia
41%
Conakry
39%
Nouakchott
39%
Windhoek
39%
Lomé
38%
Bangui
36%
Lusaka
36%
Mbabane
36%
Moroni
36%
Yamoussoukro
36%
Banjul
35%
Porto-Novo
35%
Maseru
34%
Niamey
34%
Gitega
32%
Kigali
32%
Lilongwe
32%
Malabo
32%
Port Louis
32%
Nessun quiz corrispondente trovato
Distribuzione punteggi
Percentuale di utenti per punteggio
Percentile per numero di risposta
I tuoi punteggi nel tempo
Non hai fatto questo quiz